Normal view
MARC view
- Hafiz Muhammad Umar Shehzad
Entry Personal Name
001 - CONTROL NUMBER
- control field: 92919
003 - CONTROL NUMBER IDENTIFIER
- control field: NUST
005 - DATE AND TIME OF LATEST TRANSACTION
- control field: 20220705111705.0
008 - FIXED-LENGTH DATA ELEMENTS
- fixed length control field: 220705|| aca||aabn | a|a d
040 ## - CATALOGING SOURCE
- Original cataloging agency: NUST
- Transcribing agency: NUST
100 ## - HEADING--PERSONAL NAME
- Personal name: Hafiz Muhammad Umar Shehzad
670 ## - SOURCE DATA FOUND
- Source citation: Work cat.: (NUST)11308: Haroon Ahmed Saeed 92918, MIPS 32 bit implementation of FPGA, 2012
